Mortal Kombat vs DC Universe Characters - Statistics

General Stats
  • This quiz has been taken 482 times
    467 since last reset
  • The average score is 16 of 20
Answer Stats
Side Character % Correct
DCU Batman
98%
DCU Superman
97%
Mortal Kombat Sub-Zero
95%
Mortal Kombat Scorpion
94%
DCU Wonder Woman
91%
Mortal Kombat Raiden
87%
DCU The Joker
87%
Mortal Kombat Sonya Blade
86%
DCU The Flash
86%
Mortal Kombat Liu Kang
82%
DCU Green Lantern
80%
Mortal Kombat Jax
79%
Mortal Kombat Kitana
75%
Mortal Kombat Kano
72%
DCU Catwoman
69%
DCU Lex Luthor
68%
Mortal Kombat Shang Tsung
66%
Mortal Kombat Baraka
61%
DCU Deathstroke
61%
DCU Captain Marvel
60%
No matching quizzes found
Score Distribution
Percent of People with Each Score
Percentile by Number Answered
Your Score History
You have not taken this quiz since the last reset